000 00505nam a2200181Ia 4500
005 20250423100805.0
008 250422s9999 xx 000 0 und d
020 _a9781405305815
050 _aHD 31 .P48/
100 _aPeters, Thomas J.
245 0 _aRe-imagine!
260 _aNew York
260 _bDK
260 _c2003
300 _a352 p
650 _aManagement. Creative ability in business. Entrepreneurship. Leadership. Organizational change. Organizational effectiveness.
942 _cBK
999 _c34347
_d34347